| 000 | 00506nam a2200181Ia 4500 | ||
|---|---|---|---|
| 001 | 16592 | ||
| 005 | 20260306170321.0 | ||
| 008 | 260306t2011||||xx |||||||||||||| ||und|| | ||
| 041 | _aESP | ||
| 082 |
_a348.8 _bB61A |
||
| 100 |
_aBlancas Bustamante, Carlos _eAUT |
||
| 245 | 0 |
_aLa cláusula de Estado social en la Constitución: _banálisis de los derechos fundamentales laborales |
|
| 260 | _c2011 | ||
| 300 |
_a593 páginas : _c24 cm. |
||
| 650 | _aGEN | ||
| 654 | _aCDE | ||
| 942 |
_cLIB _dJUS _fJUS _2ddc _n |
||
| 999 |
_c16592 _d16592 |
||